Statistics for Seto Kaiba's Monster Cards

Click here to take the quiz!

General Stats

  • This quiz has been taken 42 times
  • The average score is 28 of 53

Answer Stats

LevelAtk/DefAnswer% Correct
Level 83000/2500Blue Eyes White Dragon
100%
Level 104000/4000Obelisk the Tormentor
93%
Level 41700/1000Battle Ox
87%
Level 124500/3800Blue Eyes Ultimate Dragon
87%
Level 3600/1500
Saggi the Dark Clown
80%
Level 51800/1600Rude Kaiser
80%
Level 4
1700/1650Kaiser Sea Horse
67%
Level 41300/1550Mystic Horseman
67%
Level 61800/2000Gadget Soldier
60%
Level 62200/1500Judge Man
60%
Level 62400/2200Kaiser Glider
60%
Level 41800/1000La Jinn the Mystical Genie of the Lamp
60%
Level 62000/1700Rabid Horseman
60%
Level 41000/1000Spirit Ryu
60%
Level 52000/1500Vampire Lord
60%
Level 41800/1500X Head Cannon
60%
Level 82800/2600XYZ Dragon Cannon
60%
Level 41500/1600Y Dragon Head
60%
Level 41500/1300Z Metal Tank
60%
Level 42000/100Cave Dragon
53%
Level 41800/400Dark Zebra
53%
Level 21000/100Giant Germ
53%
Level 41200/1000Hitotsu-Me Giant
53%
Level 41200/1100Lord of Dragons
53%
Level 62400/1400Luster Dragon #2
53%
Level 41550/1400Maha Vailo
53%
Level 41900/0000Spear Dragon
53%
Level 62000/1600Swordstalker
53%
Level 41900/1200Vorse Raider
53%
Level 3900/1400Ancient Lamp
47%
Level 83400/2900Blue Eyes Tyrant Dragon
47%
Level 42000/500Boar Soldier
47%
Level 83000/2500Chaos Emperor Dragon
47%
Level 41600/1800Dark Gremlin/Des Feral Imp
47%
Level 41900/1500Doom Virus Dragon
47%
Level 41300/1200Grappler
47%
Level 72100/2800Hyozanryu
47%
Level 82800/1200Mirror Force Dragon
47%
Level 51600/1500Thunder Dragon
47%
Level 31500/1200Twin Headed Behemoth
47%
Level 41600/1000Blade Knight
40%
Level 41200/1000DD Warrior
40%
Level 51200/1500Different Dimension Dragon
40%
Level 62000/2100Dragon Seeker
40%
Level 31200/800Possessed Dark Soul
40%
Level 41600/1200Ryu-Kishin Powered
40%
Level 31400/700The Wicked Worm Beast
40%
Level 72800/2100Twin Headed Thunder Dragon
40%
Level 3900/600Pitch Dark Dragon
33%
Level 40000/1900Sword of Soul
33%
Level 82900/2500Tyrant Burst Dragon
33%
Level 31100/900Versago the Destroyer
33%
Level 41900/400Slate Warrior
27%

Score Distribution

Percentile by Number Answered

Percent of People with Each Score

Your Score History

You have not taken this quiz